La Reconvencin̤ en el proceso laboral

Bibliographic Details
Main Author: Mella Mňdez, Lourdes
Format: eBook
Language:Spanish
Published: [Albacete] : Bomarzo, 2008
Subjects:
Online Access:Acceso restringido

MARC

LEADER 00000nam a2200000 a 4500
005 20121025172832.0
007 cr |||||||||||
008 121019s---- sp |||||s|||||0|| ||spa|c
020 |a 8496721434 
035 |a 5869 
040 |a vLex 
090 |c 3498  |d 3498 
100 1 |a Mella Mňdez, Lourdes 
245 1 3 |a La Reconvencin̤ en el proceso laboral  |h [Recurso electrn̤ico] /  |c Lourdes Mella Mňdez 
256 |a Servicio en ln̕ea 
260 |a [Albacete] :  |b Bomarzo,  |c 2008 
300 |a 1 recurso electrn̤ico (292 p.) 
506 1 |a Contenido solo disponible en los productos indicados  |d vLex Global   |d vLex Global (Academic Edition, excluding Law Schools)   |d vLex Global (U.S. Academic Edition, Law Schools)   |d vLex Global (U.S. Academic Edition, excluding Law Schools)   |d vLex Global (Academic Edition, Law Schools)  
650 0 4 |a Reconvencin̤ (Derecho)  |z Espaą 
650 0 4 |a Procedimiento del trabajo  |z Espaą 
740 0 |a vLex Libros (Servicio en ln̕ea) 
856 4 0 |z Acceso restringido  |u http://vlex.com/source/reconvencion-proceso-laboral-5869 
942 |c BOOK 
999 0 |a Labor courts